00386cam a2200145ua 4500001000400000008003900004040000900043082001300052245005200065250000900117260002300126300001700149653002200166653005200188484110406n ii |||gr||||Z||||||eng cMAIN a324.20921 aRepresentative political writings of John Adams a1st. aBombay:bPopular . a214p:c20cm. aPolitical science aRepresentative political writings of John Adams